000 00778nam a2200193Ii 4500
003 JO-AjNU
008 230605s9999||||xx |||||||||||||| ||und||
040 _aJO-AjNU
_bara
_erda
_cJO-AjNU
041 _aara
050 1 4 _aDS38.H3724
100 3 _aتحقيق محمد جاسم حمادي المشهداني,
_eauthor
_936417
245 0 0 _aحرب بني شيبان مع كسرى انو شروان : رواية بشر بن مروان الاسدي
264 3 1 _aد.م: الجامعة المستنصرية
300 _a112ص
_bيحتوي على ببلوغرافية من ص107-112ص
336 _atext
_btxt
_2rdacontent
337 _aunmediated
_bn
_2rdamedia
338 _avolume
_bnc
_2rdacarrier
650 4 _aشيبانيون - تاريخ - كسرى انو شروان
_936418
999 _aA15129
_c18697
_d18697